000 02091nam a22003138a 4500
001 CR9781139025713
003 UkCbUP
005 20180107143414.0
006 m|||||o||d||||||||
007 cr||||||||||||
008 110218s2013||||enk s ||1 0|eng|d
020 _a9781139025713 (ebook)
020 _z9780521884617 (hardback)
020 _z9780521711531 (paperback)
040 _aUkCbUP
_cUkCbUP
_erda
050 0 0 _aDS79.7
_b.K46 2013
082 0 0 _a956.7044
_223
100 1 _aKhoury, Dina Rizk,
_eauthor.
245 1 0 _aIraq in Wartime :
_bSoldiering, Martyrdom, and Remembrance / [electronic resource]
_cDina Rizk Khoury.
264 1 _aCambridge :
_bCambridge University Press,
_c2013.
300 _a1 online resource (298 pages) :
_bdigital, PDF file(s).
336 _atext
_btxt
_2rdacontent
337 _acomputer
_bc
_2rdamedia
338 _aonline resource
_bcr
_2rdacarrier
500 _aTitle from publisher's bibliographic system (viewed on 09 Oct 2015).
520 _aWhen US-led forces invaded Iraq in 2003, they occupied a country that had been at war for 23 years. Yet in their attempts to understand Iraqi society and history, few policy makers, analysts and journalists took into account the profound impact that Iraq's long engagement with war had on the Iraqis' everyday engagement with politics, the business of managing their daily lives, and their cultural imagination. Drawing on government documents and interviews, Dina Rizk Khoury traces the political, social and cultural processes of the normalization of war in Iraq during the last twenty-three years of Ba'thist rule. Khoury argues that war was a form of everyday bureaucratic governance and examines the Iraqi government's policies of creating consent, managing resistance and religious diversity, and shaping public culture. Coming on the tenth anniversary of the US-led invasion of Iraq, this book tells a multilayered story of a society in which war has become the norm.
776 0 8 _iPrint version:
_z9780521884617
856 4 0 _uhttp://dx.doi.org/10.1017/CBO9781139025713
_zCambridge Books Online
999 _c236603
_d236603